Fuel cell technology handbook / (Record no. 60989)

000 -LEADER
fixed length control field 02030cam a22003494a 4500
001 - CONTROL NUMBER
control field 12723390
003 - CONTROL NUMBER IDENTIFIER
control field NUST-PNEC
005 - DATE AND TIME OF LATEST TRANSACTION
control field 20170116180711.0
008 - FIXED-LENGTH DATA ELEMENTS--GENERAL INFORMATION
fixed length control field 020329s2003 fluaf b 001 0 eng
010 ## - LIBRARY OF CONGRESS CONTROL NUMBER
LC control number 2002067086
015 ## - NATIONAL BIBLIOGRAPHY NUMBER
National bibliography number GBA2-Y2361
020 ## - INTERNATIONAL STANDARD BOOK NUMBER
International Standard Book Number 0849308771
035 ## - SYSTEM CONTROL NUMBER
System control number (OCoLC)ocm49298439
040 ## - CATALOGING SOURCE
Transcribing agency PNEC
042 ## - AUTHENTICATION CODE
Authentication code pcc
050 00 - LIBRARY OF CONGRESS CALL NUMBER
Classification number TK2931
Item number .F785 2003
082 00 - DEWEY DECIMAL CLASSIFICATION NUMBER
Classification number 621.31'2429 HOO
Edition number 21
100 ## - MAIN ENTRY--PERSONAL NAME
9 (RLIN) 562
Personal name Hoogers, Gregor
245 00 - TITLE STATEMENT
Title Fuel cell technology handbook /
Statement of responsibility, etc. edited by Gregor Hoogers.
260 ## - PUBLICATION, DISTRIBUTION, ETC.
Place of publication, distribution, etc. Boca Raton, Fla. :
Name of publisher, distributor, etc. CRC Press,
Date of publication, distribution, etc. c2003.
300 ## - PHYSICAL DESCRIPTION
Extent 1 v. (various pagings) :
Other physical details ill. (some col.) ;
Dimensions 27 cm.
500 ## - GENERAL NOTE
General note Includes Index http://www.amazon.com/Fuel-Technology-Handbook-Mechanical-Engineering/dp/0849308771/ref=sr_1_1?s=books&ie=UTF8&qid=1413191070&sr=1-1&keywords=0849308771
504 ## - BIBLIOGRAPHY, ETC. NOTE
Bibliography, etc. note Includes bibliographical references and index.
505 0# - FORMATTED CONTENTS NOTE
Formatted contents note History / Eric Chen -- Thermodynamics and electrochemical kinetics / Eric Chen -- Fuel cell components and their impact on performance / Gregor Hoogers -- The fueling problem: fuel cell systems / Gregor Hoogers -- Catalysts for the proton exchange membrane fuel cell / David Thompsett -- Prospects of the direct methanol fuel cell / Martin Hogarth -- Stationary power generation / Martina Hinsberger and Gregor Hoogers -- Portable applications / Gregor Hoogers -- Automotive applications / Gregor Hoogers -- Competing technologies for transportation / Richard Stone -- Fuel cell fuel cycles / David Hart, Ausilio Bauen -- Outlook: the next five years / Gregor Hoogers.
650 #0 - SUBJECT ADDED ENTRY--TOPICAL TERM
Topical term or geographic name entry element Fuel cells.
General subdivision ME
700 1# - ADDED ENTRY--PERSONAL NAME
Personal name Hoogers, Gregor.
856 41 - ELECTRONIC LOCATION AND ACCESS
Materials specified Table of contents only
Uniform Resource Identifier <a href="http://www.loc.gov/catdir/toc/fy035/2002067086.html">http://www.loc.gov/catdir/toc/fy035/2002067086.html</a>
856 42 - ELECTRONIC LOCATION AND ACCESS
Materials specified Publisher description
Uniform Resource Identifier <a href="http://www.loc.gov/catdir/enhancements/fy0646/2002067086-d.html">http://www.loc.gov/catdir/enhancements/fy0646/2002067086-d.html</a>
906 ## - LOCAL DATA ELEMENT F, LDF (RLIN)
a 7
b cbc
c orignew
d 1
e ocip
f 20
g y-gencatlg
942 ## - ADDED ENTRY ELEMENTS (KOHA)
Source of classification or shelving scheme
Koha item type Book
Holdings
Withdrawn status Lost status Source of classification or shelving scheme Damaged status Not for loan Permanent Location Current Location Shelving location Date acquired Source of acquisition Cost, normal purchase price Total Checkouts Full call number Barcode Date last seen Cost, replacement price Price effective from Koha item type
          Pakistan Navy Engineering College (PNEC) Pakistan Navy Engineering College (PNEC) Reference 07/05/2003 Educational Book Services 6909.54   621.31'2429 HOO PNECLIB-026085 10/13/2014 6909.54 07/05/2003 Book
© 2023 Central Library, National University of Sciences and Technology. All Rights Reserved.